Major assassinations of the 21st Century - Statistics

General Stats
  • This quiz has been taken 42 times
  • The average score is 4 of 16
Answer Stats
Year City of Death Description Answer Assassin % Correct
2025 Orem American Political Activist Charlie Kirk Tyler Robinson
95%
2011 Abbottabad Founder of al-Qaeda Osama bin Laden Robert J. O'Niell
65%
2022 Nara Former Prime Minister of Japan Shinzo Abe Tetsuya Yamagami
65%
2007 Rawalpindi Former Prime Minister of Pakistan Benazir Bhutto unknown assailant
30%
2024 New York City CEO of UnitedHealthcare Brian Thompson Luigi Mangione
24%
2016 Leeds British Member of Parliament Jo Cox Thomas Mair
16%
2001 Kinsasha President of the DRC Laurent Kabila Rashidi Mizele
16%
2021 Port-au-Prince President of Haiti Jovenel Moïse A group of 28 mercenaries
14%
2021 Leigh-on-Sea British Member of Parliament David Amess Ali Harbi Ali
8%
2002 Hilversum Dutch Politician Pim Fortuyn Volkert van der Graaf
8%
2005 Beirut Prime Minister of Lebanon Rafic Hariri Salim Ayyash
8%
2016 Ankara Russian Ambassador to Turkey Andrei Karlov Mevlüt Mert Altıntaş
3%
2001 Kathmandu King of Nepal Birenda of Nepal Crown prince Dipendra
3%
2003 Belgrade Prime Minister of Serbia Zoran Đinđić Zvezdan Jovanović
3%
2013 El Menzah Tunisian Politician Chokri Belaid Kamel Gaghgadhi
0%
2009 Bissau President of Guinea-Bissau João Bernardo Vieira A group of soldiers
0%
No matching quizzes found
Score Distribution
Percent of People with Each Score
Percentile by Number Answered
Your Score History
You have not taken this quiz